000 00529nam a2200169Ia 4500
008 090122s9999 xx 000 0 und d
082 _b2326
_a891.463
100 _aसाळगावकर
_bविनायक
_c
245 _aकाळगती
260 _bब्रह्मानंद मुकुंद नाडकर्णी
_c1937
300 _a384
600 _aसाळगावकर
630 _aकाळगती
700 _aसाळगावकर
730 _aकाळगती
942 _cBOOK
999 _c26404
_d26404